| 000 | 00380nam a2200145Ia 4500 | ||
|---|---|---|---|
| 008 | 210716s2003 xx 000 0 und d | ||
| 041 | _aeng | ||
| 082 | _a005.74 ULLJ | ||
| 100 | _aUllman, Jeffrey D. | ||
| 245 | _aPrinciples of database systems. | ||
| 250 | _a2 | ||
| 260 |
_aNew Delhi _bGalgotia Publication Pvt Ltd _c2003 |
||
| 300 | _avii,484 | ||
| 650 | _aGeneral Management | ||
| 999 |
_c197610 _d197610 |
||